000 00907nam a2200241 a 4500
005 20210223130615.0
008 080918s1980 mx r 000 0 spa d
035 _aUPN01000159629
049 _aUNE
080 _a37.012 (910) =20 THO No.40.
100 1 _aThomas, R. Murray
245 1 4 _aAn Instructional model for studying cognitive development and readability of instructional materials :
_bguidelines for evaluation /
_cR. Murray Thomas.
260 _aParis :
_bUNESCO;
_aNew York :
_bUNICEF;
_aRome :
_bWFP,
_c1980.
300 _a14 p.;
_bfot.
440 0 _aNotes, Comments...; 40
690 _aEvaluacion de la educacion- Material y equipo didacticos
690 _aModelos educacionales- Material de lectura- Indonesia
690 _aIndonesia- Evaluacion de la educacion
710 2 _aUNESCO
710 2 _aUNICEF
_924085
710 2 _aWFP. Programa de Alimentación Mundial.
905 _aUNESCO
999 _c131743
_d131743